Emily Dickinson /
Le parole sono prodigi, riconosce Emily bambina, cogliendo in esse un potere ammaliante, evocativo, cui tendere per il resto della vita. Emily Dickinson, cresciuta nel XIX secolo in una famiglia borghese statunitense, si racconta attraverso i suoi ricordi che, come punti luce, svelano il temperament...
-д хадгалсан:
| Үндсэн зохиолч: | |
|---|---|
| Формат: | Ном |
| Хэл сонгох: | итали |
| Хэвлэсэн: |
[Padova] :
Becco Giallo,
2023
|
| Нөхцлүүд: | |
| Шошгууд: |
Шошго байхгүй, Энэхүү баримтыг шошголох эхний хүн болох!
|
MARC
| LEADER | 00000nam a22000007i 4500 | ||
|---|---|---|---|
| 001 | IT\ICCU\LZ1\0008688 | ||
| 003 | ItRI | ||
| 005 | 20260115232058.0 | ||
| 008 | 230614s2023 it |||||| ||||| |||||c | ||
| 020 | |a 9788833142623 | ||
| 040 | |b ita |c importazione bologna sebina | ||
| 041 | 7 | |a ita |2 ISO-639-2 | |
| 082 | |a 741.5945 |9 FUMETTI, ROMANZI A FUMETTI, FOTOROMANZI, VIGNETTE, CARICATURE, STRISCE A FUMETTI. Italia |2 23 | ||
| 100 | 1 | |a Gabriele, Liuba |0 IT\ICCU\RAVV\694098 |4 aut | |
| 240 | 1 | 0 | |a Emily Dickinson |3 IT\ICCU\LZ1\0008687 |9 Gabriele, Liuba |
| 245 | 1 | 0 | |a Emily Dickinson / |c testi e disegni Liuba Gabriele. |
| 260 | |a [Padova] : |b Becco Giallo, |c 2023 | ||
| 300 | |a 143 p. : |b fumetti ; |c 24 cm | ||
| 520 | |a Le parole sono prodigi, riconosce Emily bambina, cogliendo in esse un potere ammaliante, evocativo, cui tendere per il resto della vita. Emily Dickinson, cresciuta nel XIX secolo in una famiglia borghese statunitense, si racconta attraverso i suoi ricordi che, come punti luce, svelano il temperamento appassionato di una donna fiera, indipendente, inadatta a ruoli designati, che scelse di consacrarsi al pensiero e alla parola fino ad autoimporsi lisolamento, nella casa paterna, come pratica di libertà. (Fonte: quarta di copertina) | ||
| 650 | 7 | |a Dickinson, Emily |x Biografie |x Fumetti |2 nsbncf | |
| 942 | |2 ddc |c BK |n 0 | ||
| 952 | |0 0 |1 0 |4 0 |6 F_741_594000000000000_GAB |7 0 |9 19646 |a BO |b BO |d 2026-01-15 |i 20619 |l 0 |o F 741.594 GAB |p BO20619 |r 2026-01-15 23:20:58 |w 2026-01-15 |x [Sebina 5] [1 v.] |y BK |z 1 v. (sul frontespizio dedica dell'A.) | ||
| 999 | |c 16746 |d 16746 | ||